Pacific Rim law & policy journal

Detalles Bibliográficos
Formato: Desconocido
Lenguaje:inglés
Publicado: Seattle, WA : Students of the University of Washington School of Law
Materias:
Acceso en línea:Acceso restringido

MARC

LEADER 00000ny a22000003n 4500
005 20110512142340.0
008 100322c19uu9999us b 000 0 eng c
022 0 |a 1066-8632 
035 |a 4043 
040 |a WaSeSS  |d vLex 
090 |c 1802  |d 1802 
245 0 0 |a Pacific Rim law & policy journal  |h [Recurso electrn̤ico] 
246 3 0 |a Pacific Rim law and policy journal 
256 |a Servicio en ln̕ea 
260 |a Seattle, WA :  |b Students of the University of Washington School of Law 
321 |a Irregular 
506 1 |a Contenido solo disponible en los productos indicados  |d vLex Global  |d vLex Global (Academic Edition, excluding Law Schools)  |d vLex Global (U.S. Academic Edition, excluding Law Schools) 
650 0 4 |a Derecho  |z Estados Unidos  |x Publicaciones perid̤icas 
740 0 |a vLex Revista (Servicios en ln̕ea) 
843 |a Electrn̤ica. Abierta 
853 |8 1  |i (year)  |j (month)  |k (day) 
856 4 0 |u http://vlex.com/source/4043  |z Acceso restringido 
942 |c REV 
999 0 |a Law reviews  |z Washington (State) 
999 0 |a Law  |z Pacific Area  |v Periodicals.